La atención a los factores afectivos en la enseñanza de ELE

Saved in:
書目詳細資料
主要作者: Arnold, Jane (autora)
其他作者: Foncubierta, José Manuel (autor)
格式: 未知
出版: Madrid, España: Edinumen, 2019.
叢編:Biblioteca Edinumen. Claves para la enseñanza del español
主題:
標簽: 添加標簽
沒有標簽, 成為第一個標記此記錄!

MARC

LEADER 00000 a2200000 4500
003 CL-VaPUC
005 20240807102620.0
008 240712t2019 ||||| |||| 00| 0 eng d
999 |c 443897  |d 443895 
020 |a 978-84-9848-243-0 
040 |c Pontificia Universidad Católica de Valparaíso 
082 7 |2 22  |a 418.0071 ARN 2019 
100 |a Arnold, Jane  |9 889366  |e autora 
245 1 3 |a La atención a los factores afectivos en la enseñanza de ELE 
260 |a Madrid, España:  |b Edinumen,  |c 2019. 
300 |a 128 páginas. 
490 |a Biblioteca Edinumen.  |a Claves para la enseñanza del español 
546 |a En español 
583 |k GC  |c 20240712 
650 0 |9 314728  |a Lengua española  |v Actividades  |x Enseñanza  |x Aspectos psicológicos 
650 0 |9 890124  |a Language and languages  |v Activities  |x Study and teaching  |x Psychological aspects 
700 |9 890127  |a Foncubierta, José Manuel  |e autor 
942 |2 ddc  |c BK 
952 |0 0  |1 0  |2 ddc  |4 0  |6 418_007100000000000_ARN_2019  |7 0  |8 A  |9 595567  |a BIBGIM  |b BIBGIM  |d 2024-07-12  |e 13  |g 44268.00  |i 5662207  |o 418.0071 ARN 2019  |p 5662207  |r 2025-01-15  |t 1  |v 44268.00  |w 2024-07-12  |y BK  |k ELE